| 000 | 00663nam a22002057a 4500 | ||
|---|---|---|---|
| 999 |
_c152741 _d152741 |
||
| 005 | 20181116104113.0 | ||
| 010 | _aENG-123239 | ||
| 020 |
_a9788192958217 _c825.00 |
||
| 035 | _aEN-106771 | ||
| 037 | _bDBAD/PUB | ||
| 082 | _a363.738740954 | ||
| 100 | _aRam Bharose | ||
| 245 |
_aClimate change and enviroment/ _cby Ram Bharose [and] Jahanara |
||
| 260 |
_aDelhi _bGyan Geeta Prakashan _c2017 |
||
| 270 |
_aF-7, Gali No.1, Panchsheel Garden Ext. Naveen Shahdara, _bDelhi _e110032 |
||
| 300 |
_a312p. _c22cm(Hb) |
||
| 500 | _aIt includes bibliographical, references and index | ||
| 700 | _aJahanara | ||
| 942 |
_2ddc _cEN _mRAM _h363.738740954 |
||